| 000 | 00586nam a2200169 a 4500 | ||
|---|---|---|---|
| 001 | 000041480 | ||
| 005 | 20201002034928.0 | ||
| 008 | 131007s1973 sp 001 0 spa d | ||
| 020 | _a8400039084 | ||
| 040 |
_aDO-SdBNP _bspa _cBNPHU |
||
| 082 |
_axxx _bxxx |
||
| 100 | 1 |
_aMora Merida, José Luis _968168 |
|
| 245 | 1 | 0 |
_aHistoria social de Paraguay, 1600-1650 / _cJosé Luis Mora Merida; prólogo, D. Luis Navarro García. |
| 260 |
_aSevilla, España : _bConsejo Superior de Investigaciones Científicas, _c1973. |
||
| 300 |
_a366 p. ; _c25 cm. |
||
| 700 | 1 |
_aNavarro García, D. Luis _968169 |
|
| 999 |
_c40970 _d40970 |
||